Normal view
MARC view
Entry Personal Name
001 - CONTROL NUMBER
- control field: 236207
003 - CONTROL NUMBER IDENTIFIER
- control field: OSt
005 - DATE AND TIME OF LATEST TRANSACTION
- control field: 20250818150300.0
008 - FIXED-LENGTH DATA ELEMENTS
- fixed length control field: 250818|| aca||aabn | a|a d
040 ## - CATALOGING SOURCE
- Original cataloging agency: OSt
- Transcribing agency: OSt
100 ## - HEADING--PERSONAL NAME
- Personal name: GOPALACHARYA (Shrinivasa) Ed
- Dates associated with a name: ಗೋಪಾಲಾಚಾರ್ಯ (ಶ್ರೀನಿವಾಸ)
670 ## - SOURCE DATA FOUND
- Source citation: Work cat.: (OSt)76594: GOPALACHARYA (Shrinivasa) Ed ಗೋಪಾಲಾಚಾರ್ಯ (ಶ್ರೀನಿವಾಸ) , Samskrata-kannada shabdakosha: padagalu a uhu Vol 1, 1928